| 000 | 00770nam a2200229 u 4500 | ||
|---|---|---|---|
| 005 | 20240430063842.0 | ||
| 008 | 181015s2007 r 000 0 eng d | ||
| 020 | _a9789703250172 | ||
| 035 | _aUPN01000227249 | ||
| 049 | _aI | ||
| 050 | 4 |
_aQC365 _bB3.4 |
|
| 100 | 1 |
_aBarrientos García, Bernardino _942893 |
|
| 245 | 1 | 3 |
_aLa luz y los colores / _cBernardino Barrientos García ; il. Luis Adán Martínez Jiménez. |
| 260 |
_aMéxico : _bUNAM, _c2007. |
||
| 300 |
_a23 p. : _bil. col. |
||
| 440 | 0 |
_aExperimentos simples para entender una tierra complicada ; _v2 |
|
| 650 | 4 |
_aLUZ - _xEXPERIMENTOS - _vLITERATURA JUVENIL _910910 |
|
| 650 | 4 |
_aLuz _vLiteratura infantil _923136 |
|
| 650 | 4 |
_aEXPERIMENTOS EDUCATIVOS _95899 |
|
| 905 | _aInfantil | ||
| 999 |
_c199345 _d199345 |
||